Größte Städte in Polen - Extrem - Statistiken

Allgemein
  • Dieses Quiz wurde 69 mal gespielt
    63 seit der letzten Aktualisierung
  • Das Durchschnittsergebnis liegt bei 40 aus 209
Antwortstatistiken
Einwohner Stadt % Korrekt
1.861.599 Warschau
96%
487.371 Danzig
93%
806.201 Krakau
91%
673.743 Breslau
89%
279.190 Katowice
89%
652.015 Lodz
89%
538.439 Posen
89%
389.066 Stettin
89%
329.565 Lublin
85%
291.688 Białystok
76%
126.077 Opole
76%
326.434 Bydgoszcz
72%
241.189 Gdynia
70%
167.311 Olsztyn
63%
205.969 Częstochowa
61%
196.005 Radom
61%
194.771 Toruń
61%
169.915 Gliwice
59%
138.932 Zielona Góra
59%
153.838 Zabrze
57%
112.923 Elbląg
54%
182.295 Kielce
54%
43.426 Kołobrzeg
54%
36.709 Malbork
52%
100.294 Wałbrzych
52%
147.759 Bytom
50%
105.540 Koszalin
50%
31.903 Sopot
50%
38.904 Świnoujście
50%
91.948 Legnica
48%
197.268 Rzeszów
46%
85.504 Słupsk
46%
23.823 Bielsk Podlaski
43%
100.593 Chorzów
43%
187.115 Sosnowiec
43%
70.054 Piła
41%
111.190 Płock
39%
66.604 Stargard Szczeciński
39%
103.129 Tarnów
39%
75.124 Jelenia Góra
37%
165.766 Bielsko-Biala
33%
115.247 Gorzów Wielkopolski
33%
46.097 Wejherowo
33%
88.658 Grudziądz
31%
24.810 Kłodzko
31%
130.302 Ruda Ślaşka
31%
68.231 Suwałki
31%
25.204 Zakopane
31%
62.049 Głogów
30%
34.000 Lębork
30%
35.577 Oświęcim
30%
56.050 Przemyśl
30%
59.759 Ełk
28%
67.620 Lubin
28%
122.045 Tychy
28%
93.137 Kalisz
26%
36.854 Kwidzyn
26%
49.650 Racibórz
26%
130.887 Rybnik
26%
56.936 Tczew
26%
63.549 Gniezno
24%
22.418 Białogard
22%
27.310 Giżycko
22%
20.533 Mrągowo
22%
40.685 Nysa
22%
31.336 Ostróda
22%
34.837 Żary
22%
54.453 Biała Polaska
20%
57.214 Chełm
20%
41.618 Mikołów
20%
52.874 Świdnica
20%
37.557 Szczecinek
20%
37.055 Bolesławiec
19%
60.051 Leszno
19%
80.358 Nowy Sącz
19%
100.807 Włocławek
19%
28.995 Augustów
17%
33.403 Brzeg
17%
67.378 Inowroclaw
17%
82.301 Jastrzębie-Zdrój
17%
56.972 Mielec
17%
21.878 Szczytno
17%
58.231 Zamość
17%
67.066 Konin
15%
75.297 Siedlce
15%
63.401 Siemianowice Ślaşkie
15%
28.931 Zgorzelec
15%
38.729 Chojnice
13%
113.460 Dąbrowa Górnicza
13%
20.125 Działdowo
13%
32.188 Iława
13%
66.519 Piotrków Trybunalski
13%
65.461 Pruszków
13%
53.316 Rumia
13%
61.774 Żory
13%
25.113 Kętrzyn
11%
71.280 Mysłowice
11%
33.065 Nowy Targ
11%
69.260 Ostrów Wielkopolski
11%
29.627 Police
11%
62.093 Ostrowiec Świętokrzyski
9%
21.273 Sandomierz
9%
55.127 Stalowa Wola
9%
21.314 Bartoszyce
7%
52.331 Bełchatów
7%
35.298 Jarosław
7%
20.503 Jawor
7%
86.812 Jaworzno
7%
44.060 Krosno
7%
40.723 Kutno
7%
36.040 Nowa Sól
7%
33.166 Oława
7%
43.895 Otwock
7%
51.971 Piaseczno
7%
26.019 Wyszków
7%
23.462 Żagań
7%
29.732 Żywiec
7%
32.947 Cieszyn
6%
25.523 Gorlice
6%
32.727 Jasło
6%
52.630 Legionowo
6%
23.347 Lubliniec
6%
28.704 Reda
6%
20.778 Świebodzin
6%
24.841 Świecie
6%
61.321 Tarnowskie Góry
6%
27.845 Wieliczka
6%
53.848 Będzin
4%
33.928 Chrzanów
4%
42.986 Dębica
4%
21.462 Goleniów
4%
34.718 Grodzisk Mazowiecki
4%
54.387 Kędzierzyn-Koźle
4%
22.033 Kluczbork
4%
59.711 Łomża
4%
45.365 Marki
4%
39.837 Mińsk Mazowiecki
4%
30.802 Mława
4%
28.548 Nowy Dwór Mazowiecki
4%
48.229 Ostrołęka
4%
21.530 Ostrów Mazowiecka
4%
60.598 Pabianice
4%
21.530 Płońsk
4%
32.171 Pruszcz Gdański
4%
25.031 Pszczyna
4%
42.973 Radomsko
4%
41.224 Skarżysko-Kamienna
4%
45.184 Skierniewice
4%
45.295 Starogard Gdański
4%
43.712 Tarnobrzeg
4%
35.620 Wołomin
4%
46.106 Zawiercie
4%
53.543 Zgierz
4%
38.594 Żyrardów
4%
41.740 Ciechanów
2%
34.783 Czechowice-Dziedzice
2%
29.876 Czeladź
2%
21.217 Józefów
2%
35.619 Knurów
2%
23.296 Kościerzyna
2%
25.972 Łowicz
2%
32.835 Luboń
2%
29.379 Myszków
2%
32.261 Olkusz
2%
51.707 Piekary Ślaşkie
2%
43.860 Puławy
2%
34.345 Sanok
2%
23.967 Skawina
2%
33.456 Sochaczew
2%
27.817 Śrem
2%
24.324 Środa Wielkopolska
2%
44.416 Starachowice
2%
21.428 Sulejówek
2%
21.805 Świebodzice
2%
57.438 Tomasźow Mazowiecki
2%
24.463 Turek
2%
23.578 Wałcz
2%
20.448 Wieluń
2%
44.833 Wodzisław Śląski
2%
31.759 Września
2%
45.347 Ząbki
2%
22.002 Aleksandrów Łódzki
0%
28.027 Bielawa
0%
24.769 Biłgoraj
0%
28.441 Bochnia
0%
28.190 Brodnica
0%
26.522 Czerwionka-Leszczyny
0%
30.614 Dzierżoniów
0%
20.899 Grajewo
0%
26.286 Jarocin
0%
28.339 Kobyłka
0%
23.398 Kościan
0%
31.296 Kraśnik
0%
28.126 Krotoszyn
0%
21.116 Łaziska Górne
0%
27.159 Łuków
0%
20.421 Nowa Ruda
0%
35.132 Oleśnica
0%
21.986 Orzesze
0%
22.932 Piastów
0%
21.350 Polkowice
0%
20.168 Rydułtowy
0%
38.729 Sieradz
0%
28.254 Swarzędz
0%
36.680 Świdnik
0%
45.434 Świętochłowice
0%
25.398 Wągrowiec
0%
20.848 Zambrów
0%
38.402 Zduńska Wola
0%
Keine übereinstimmenden Quizze gefunden
Verteilung der Resultate
Anzahl Personen mit jedem Resultat
Perzentil nach korrekt beantworteten Fragen
Ihre Resultats-Entwicklung
Sie haben dieses Quiz seit der letzten Aktualisierung nicht gespielt